Online
Catalog

Una lectura de Guazábara de Alfredo Fernández Simó / (Record no. 52368)

MARC details
000 -CABECERA
campo de control de longitud fija 01050nam a22002657a 4500
003 - IDENTIFICADOR DEL NÚMERO DE CONTROL
campo de control DO-SdBNP
005 - FECHA Y HORA DE LA ÚLTIMA TRANSACCIÓN
campo de control 20221020143023.0
007 - CAMPO FIJO DE DESCRIPCIÓN FÍSICA--INFORMACIÓN GENERAL
campo de control de longitud fija ta
008 - DATOS DE LONGITUD FIJA--INFORMACIÓN GENERAL
campo de control de longitud fija 220909e 2004||||||||b|||| 1|| 0 spa d
040 ## - FUENTE DE LA CATALOGACIÓN
Centro catalogador/agencia de origen DO-SdBNP
Lengua de catalogación spa
Centro/agencia transcriptor BNPHU
082 #4 - NÚMERO DE LA CLASIFICACIÓN DECIMAL DEWEY
Número de clasificación 863.44
Número de documento/Ítem C748L
Número de edición 22
111 #2 - ENTRADA PRINCIPAL--NOMBRE DE CONGRESO/REUNIÓN
Nombre de congreso/reunión o jurisdicción como elemento de entrada Conferencia
Número del congreso/reunión o número de parte o sección (No. 5 :
Fecha del congreso/reunión Novienbre 2004:
Sede del congreso/Lugar de la reunión Santo Domingo, Rep. Dom.)
9 (RLIN) 82335
245 10 - MENCIÓN DE TÍTULO
Título Una lectura de Guazábara de Alfredo Fernández Simó /
Mención de responsabilidad, etc. Por Guillermo Piña Contreras ; presentación Mella Mariano
260 ## - PUBLICACIÓN, DISTRIBUCIÓN, ETC.
Lugar de publicación, distribución, etc. Santo Domingo :
Nombre del editor, distribuidor, etc. Sociedad Dominicana de Bibliófilos,
Fecha de publicación, distribución, etc. 2004.
300 ## - DESCRIPCIÓN FÍSICA
Extensión 11 p. :
Dimensiones 22 cm.
590 ## - NOTA LOCAL (RLIN)
Nota local Inventariado, 2022 / SA
600 14 - PUNTO DE ACCESO ADICIONAL DE MATERIA--NOMBRE DE PERSONA
9 (RLIN) 315
Nombre de persona Piña-Contreras, Guillermo,
Fechas asociadas al nombre 1952-
650 #4 - PUNTO DE ACCESO ADICIONAL DE MATERIA--TÉRMINO DE MATERIA
9 (RLIN) 10036
Término de materia o nombre geográfico como elemento de entrada Análisis linguístico
Subdivisión de forma Novela
650 #4 - PUNTO DE ACCESO ADICIONAL DE MATERIA--TÉRMINO DE MATERIA
9 (RLIN) 10812
Término de materia o nombre geográfico como elemento de entrada Novela
Subdivisión general Crítica e interpretación
650 #4 - PUNTO DE ACCESO ADICIONAL DE MATERIA--TÉRMINO DE MATERIA
Término de materia o nombre geográfico como elemento de entrada Literatura dominicana
Subdivisión de forma Conferencia
Subdivisión general Análisis
9 (RLIN) 82338
700 1# - PUNTO DE ACCESO ADICIONAL--NOMBRE DE PERSONA
Nombre de persona Piña Contreras, Guillermo,
Fechas asociadas al nombre 1952-
9 (RLIN) 315
700 1# - PUNTO DE ACCESO ADICIONAL--NOMBRE DE PERSONA
Nombre de persona Mella, Mariano
Término indicativo de función/relación Presentación
9 (RLIN) 2101
710 #1 - PUNTO DE ACCESO ADICIONAL--NOMBRE DE ENTIDAD CORPORATIVA
Nombre de entidad corporativa o nombre de jurisdicción como elemento de entrada Sociedad Dominicana de Bibliófilos
9 (RLIN) 34803
942 ## - ELEMENTOS DE PUNTO DE ACCESO ADICIONAL (KOHA)
Fuente del sistema de clasificación o colocación Dewey Decimal Classification
Tipo de ítem Koha Libro
Holdings
Estado de retiro Estado de pérdida Fuente del sistema de clasificación o colocación Restricciones de uso No para préstamo Código de colección Localización permanente Ubicación/localización actual Ubicación en estantería Fecha de adquisición Fuente de adquisición Signatura topográfica completa Código de barras Fecha visto por última vez Precio válido a partir de Tipo de ítem Koha Total de préstamos Número de copia
    Dewey Decimal Classification Excluido de préstamo   Patrimonio Dominicano Biblioteca Nacional Pedro Henríquez Ureña Biblioteca Nacional Pedro Henríquez Ureña En catalogación 13.12.2017 Donado BNPHU PD 863.44 C748L 2022-3897 09.09.2022 09.09.2022 Libro    
    Dewey Decimal Classification Excluido de préstamo   Patrimonio Dominicano Biblioteca Nacional Pedro Henríquez Ureña Biblioteca Nacional Pedro Henríquez Ureña En catalogación 20.10.2022 Donación BNPHU PD 863.44 C748L 2022-4456 20.10.2022 20.10.2022 Libro   e.2

Powered by Koha